| 000 | 01819nam a2200241Ia 4500 | ||
|---|---|---|---|
| 008 | 260220t2002||||xx |||||||||||||| ||spa|| | ||
| 040 |
_aPY-SlUNAC _bspa _erda |
||
| 041 | _aspa | ||
| 082 |
_a304.6 _bF732pd |
||
| 110 |
_aNaciones Unidas. _bFondo de Población de las Naciones Unidas _eAutor |
||
| 245 | 0 |
_aParaguay : _bdesafíos demográficos en el siglo XXI / _cpor Fondo de Población de las Naciones Unidas [Autor] |
|
| 264 |
_aFernando de la Mora : _bFNUAP, _c℗2002. |
||
| 300 | _a1 volumen | ||
| 520 | _aEl libro "Paraguay: desafíos demográficos en el siglo XXI" de Fernando de la Mora, publicado por el FNUAP en 2002, examina las transformaciones demográficas que enfrenta Paraguay en un contexto de globalización y cambio social. De la Mora analiza las tendencias de crecimiento poblacional, la migración interna y externa, así como el envejecimiento de la población, destacando sus implicaciones para el desarrollo sostenible del país. Se pone énfasis en los desafíos que representan la pobreza, la desigualdad y la urbanización acelerada, que pueden agravar las condiciones de vida de amplios sectores de la población. El autor también propone estrategias políticas y sociales para abordar estos problemas, enfatizando la importancia de la planificación familiar, la educación y la salud pública. A través de un enfoque interdisciplinario, el libro se convierte en una herramienta fundamental para comprender la dinámica demográfica de Paraguay y sus repercusiones en el bienestar social y económico en el siglo XXI. | ||
| 651 | _aParaguay | ||
| 653 | _aDemografía | ||
| 653 | _aDesarrollo sostenible | ||
| 942 |
_b2026/02/17 _cBK |
||
| 999 |
_c6962 _d6962 |
||